00781nam a22001817a 4500003001000000005001700010008004100027040002500068041000700093100001800100245006800118260003900186300001200225500002600237520030100263650002400564654001100588IT-MiCISF20170614153029.0170614b xxu||||| |||| 00| 0 eng d aIT-MiCISFcIT-MiCISF ait aBosetti Elena aCantico dei Cantici "Tu che il mio cuore ama"bEstasi e ricerca aCinisello B. (MI)bSan Paoloc2001 app. 111 abibbia, amore, coppia aIl Cantico dei Cantici è un dramma d'amore. Canta la storia di due giovani innamorati che non possono incontrarsi come vorrebbero. Lui è Salomone, lei la giovane Sulammita. Il libro é una lettura biblica commentata per incontrare e comprendere un libro sacro, forse il più sacro di tutti. apastorale-familiare asaggio